[Event "World Rapid 2017"]
[Site "Riyadh KSA"]
[Date "2017.12.27"]
[Round "6.28"]
[White "Kovalev, Vladislav"]
[Black "Mamedov, Rauf"]
[Result "0-1"]
[WhiteTitle "GM"]
[BlackTitle "GM"]
[WhiteElo "2639"]
[BlackElo "2709"]
[WhiteFideId "13504398"]
[BlackFideId "13401653"]
[EventDate "2017.12.26"]

1. e4 c5 2. Nf3 Nc6 3. Bb5 d6 4. O-O Bd7 5. Re1 Nf6 6. c3 a6 7. Bf1 Bg4 8. h3
Bxf3 9. Qxf3 g6 10. d3 Bg7 11. Be3 O-O 12. Nd2 Nd7 13. Qd1 b5 14. Nf3 Nb6 15.
Qd2 Na4 16. Rac1 Re8 17. b3 Nb6 18. d4 Nd7 19. d5 Nce5 20. Nh2 Nf6 21. f4 Ned7
22. Bf2 e6 23. dxe6 Rxe6 24. Qc2 Qe7 25. Bd3 Re8 26. Bh4 Qd8 27. Nf3 Qa8 28.
Rcd1 Qc6 29. c4 Nxe4 30. Ne5 dxe5 31. Bxe4 Qc7 32. f5 Rd6 33. Rxd6 Qxd6 34. Rd1
Qc7 35. cxb5 axb5 36. Qd3 Nf6 37. Qxb5 Rd8 38. Rxd8+ Qxd8 39. Qd3 Qb6 40. Bf2
Bf8 41. Bf3 Qb4 42. Qd8 Kg7 43. fxg6 hxg6 44. Qd1 Qc3 45. Be2 Ne4 46. Bc4 Nxf2
47. Kxf2 Be7 48. Qd5 Bh4+ 49. Ke2 Qe1+ 50. Kd3 Qb1+ 51. Ke3 f6 52. a4 Qc2 53.
Qg8+ Kh6 54. Qd5 Bf2+ 55. Kf3 Bd4 56. Kg3 Qf2+ 57. Kh2 Qg1+ 58. Kg3 Qe1+ 0-1

[Event "World Rapid 2017"]
[Site "Riyadh KSA"]
[Date "2017.12.27"]
[Round "6.29"]
[White "Aronian, Levon"]
[Black "Mchedlishvili, Mikheil"]
[Result "1-0"]
[WhiteTitle "GM"]
[BlackTitle "GM"]
[WhiteElo "2805"]
[BlackElo "2603"]
[WhiteFideId "13300474"]
[BlackFideId "13600966"]
[EventDate "2017.12.26"]

1. c4 g6 2. d4 Bg7 3. e4 d6 4. Nc3 c5 5. Nf3 Nc6 6. d5 Nd4 7. Nxd4 cxd4 8. Nb5
Qb6 9. Bf4 Kf8 10. b4 a6 11. c5 dxc5 12. Nc7 Rb8 13. bxc5 Qxc5 14. Rc1 Qa5+ 15.
Qd2 Qxd2+ 16. Kxd2 Bh6 17. Bxh6+ Nxh6 18. Be2 e5 19. Rb1 Ke7 20. Rb6 Rd8 21.
Rhb1 Rd6 22. a4 f5 23. Rxd6 Kxd6 24. Nxa6 Ra8 25. Rb6+ Ke7 26. d6+ Kd8 27. Nc5
fxe4 28. Bb5 Nf5 29. Nxb7+ Bxb7 30. Rxb7 e3+ 31. fxe3 dxe3+ 32. Ke2 Nd4+ 33.
Kxe3 Nxb5 34. axb5 Ra2 35. Rxh7 Rb2 36. Ke4 Rxb5 37. Rg7 1-0

[Event "World Rapid 2017"]
[Site "Riyadh KSA"]
[Date "2017.12.27"]
[Round "6.30"]
[White "Ivanchuk, Vassily"]
[Black "Socko, Bartosz"]
[Result "1/2-1/2"]
[WhiteTitle "GM"]
[BlackTitle "GM"]
[WhiteElo "2726"]
[BlackElo "2593"]
[WhiteFideId "14100010"]
[BlackFideId "1107038"]
[EventDate "2017.12.26"]

1. d4 Nf6 2. c4 e6 3. Nc3 Bb4 4. Qc2 O-O 5. a3 Bxc3+ 6. Qxc3 d6 7. f3 c5 8. dxc5
dxc5 9. Bf4 Qe7 10. O-O-O Rd8 11. Rxd8+ Qxd8 12. e3 Nc6 13. Ne2 Nh5 14. h4 Nxf4
15. Nxf4 e5 16. Nd5 Be6 17. Bd3 Bxd5 18. cxd5 Qxd5 19. Rd1 Qe6 20. Qxc5 Rc8 21.
Kb1 Rd8 22. h5 e4 23. Bc2 Rxd1+ 24. Bxd1 Qe5 25. Qxe5 Nxe5 26. Be2 exf3 27. gxf3
g5 28. hxg6 fxg6 29. f4 Nd7 30. Kc2 Kf7 31. Kd3 Ke6 32. Kd4 h5 33. e4 Nb6 34.
Bf1 Nd7 35. e5 Ke7 36. Bh3 Nb8 37. Bc8 Nc6+ 38. Kd5 Nd8 39. b4 h4 40. b5 b6 41.
a4 Nf7 42. Kc6 Nd8+ 43. Kd5 Nf7 44. Ke4 Nd8 45. Kf3 Nf7 46. Kg4 g5 47. fxg5 h3
48. Kxh3 Nxg5+ 49. Kg4 Ne4 50. Bf5 Nc5 51. Bc2 a6 52. bxa6 Nxa6 53. Kf4 Nb4 54.
Be4 Ke6 55. Bf5+ Kd5 56. Bh7 Ke6 57. Bg8+ Kd7 58. Bc4 Ke7 59. Ke4 Nc6 60. Bg8
Nb4 61. Kd4 Nc6+ 62. Kd5 Nb4+ 63. Kc4 Nc6 64. Kb5 Nxe5 65. Kxb6 Kd6 66. a5 Nd7+
67. Kb7 Nc5+ 68. Kb8 Nd3 69. Bc4 Nb4 70. Kb7 Nc6 71. a6 Na5+ 1/2-1/2

[Event "World Rapid 2017"]
[Site "Riyadh KSA"]
[Date "2017.12.27"]
[Round "6.31"]
[White "Salgado Lopez, Ivan"]
[Black "Kryvoruchko, Yuriy"]
[Result "1/2-1/2"]
[WhiteTitle "GM"]
[BlackTitle "GM"]
[WhiteElo "2644"]
[BlackElo "2689"]
[WhiteFideId "2257327"]
[BlackFideId "14109182"]
[EventDate "2017.12.26"]

1. e4 e5 2. Nf3 Nc6 3. d4 exd4 4. Nxd4 Nf6 5. Nxc6 bxc6 6. e5 Qe7 7. Qe2 Nd5 8.
g3 g6 9. c4 Ba6 10. b3 Bg7 11. Bb2 O-O 12. Bg2 Rae8 13. O-O Bxe5 14. Qxe5 Qxe5
15. Bxe5 Rxe5 16. cxd5 Bxf1 17. Kxf1 cxd5 18. Na3 c6 19. Rd1 Rfe8 20. Bf3 Kf8
21. Nc2 Ke7 22. Rd4 Kd6 23. Rh4 h5 24. Ra4 Ra8 25. Ne1 Ree8 26. Nd3 a5 27. h4
Kc7 28. Rf4 Re7 29. Ra4 Ree8 30. Rf4 Re7 31. Ra4 Ree8 32. Rf4 1/2-1/2

[Event "World Rapid 2017"]
[Site "Riyadh KSA"]
[Date "2017.12.27"]
[Round "6.32"]
[White "Guseinov, Gadir"]
[Black "Almasi, Zoltan"]
[Result "1-0"]
[WhiteTitle "GM"]
[BlackTitle "GM"]
[WhiteElo "2646"]
[BlackElo "2682"]
[WhiteFideId "13401378"]
[BlackFideId "702293"]
[EventDate "2017.12.26"]

1. e4 g6 2. d4 Bg7 3. Nc3 d6 4. Nf3 Nf6 5. Be2 O-O 6. O-O a6 7. Re1 Nc6 8. Bf4
Bg4 9. d5 Bxf3 10. Bxf3 Ne5 11. Be2 Ned7 12. a4 a5 13. Be3 c6 14. Ra3 Qc7 15.
Bf1 Rae8 16. h3 e6 17. dxc6 bxc6 18. Bf4 Ne5 19. Bxe5 dxe5 20. Nb1 Rb8 21. Nd2
Rfd8 22. Rd3 Rxd3 23. Bxd3 Rxb2 24. Nc4 Rb4 25. c3 Rb8 26. Bc2 Bf8 27. g3 h5 28.
Qf3 Kg7 29. Rd1 Bc5 30. Kg2 h4 31. g4 Nh7 32. Qd3 Nf8 33. Qd2 f6 34. g5 f5 35.
Qe2 Re8 36. f3 Qe7 37. Qd2 Qc7 38. Qe1 Ba7 39. Qxh4 Qe7 40. exf5 exf5 41. Qh6+
Kg8 42. Bb3 Rb8 43. Nb6+ 1-0

[Event "World Rapid 2017"]
[Site "Riyadh KSA"]
[Date "2017.12.27"]
[Round "6.33"]
[White "Potkin, Vladimir"]
[Black "Zhigalko, Sergei"]
[Result "0-1"]
[WhiteTitle "GM"]
[BlackTitle "GM"]
[WhiteElo "2574"]
[BlackElo "2641"]
[WhiteFideId "4131061"]
[BlackFideId "13502956"]
[EventDate "2017.12.26"]

1. d4 Nf6 2. c4 e6 3. Nc3 Bb4 4. Nf3 b6 5. e3 O-O 6. Bd3 Bb7 7. O-O d5 8. cxd5
exd5 9. Ne5 Bd6 10. b3 c5 11. Bb2 Re8 12. f4 Nc6 13. Bb5 Rc8 14. Rc1 Re7 15. Ng4
Nxg4 16. Qxg4 Rxe3 17. Nxd5 Re6 18. dxc5 Rg6 19. Qxc8 Bxc5+ 20. Rxc5 Bxc8 21.
Rxc6 Rxg2+ 22. Kxg2 Qxd5+ 23. Kg3 Bb7 24. Rfc1 h5 25. a4 a6 26. Bc4 Qe4 27.
Bxf7+ Kxf7 28. Rc7+ Ke8 29. Rxb7 Qxb7 30. Be5 g6 31. Rc7 Qd5 32. Kh4 Qd8+ 33.
Kg3 Qd1 34. h3 Qxb3+ 35. Kh4 Qxa4 36. Kg5 Qe4 37. Rc8+ Kd7 38. Rc7+ Ke6 39. Rg7
Qf5+ 40. Kh6 Qxh3 41. Rxg6+ Kf5 42. Rg5+ Ke4 43. Rxh5 Qe6+ 44. Kg7 a5 45. Rg5 a4
46. Rg6 Qe7+ 47. Kh6 b5 48. Rb6 Kf5 49. Rxb5 Qe6+ 50. Kg7 Qd7+ 0-1

[Event "World Rapid 2017"]
[Site "Riyadh KSA"]
[Date "2017.12.27"]
[Round "6.34"]
[White "Laznicka, Viktor"]
[Black "Meier, Georg"]
[Result "1-0"]
[WhiteTitle "GM"]
[BlackTitle "GM"]
[WhiteElo "2647"]
[BlackElo "2650"]
[WhiteFideId "316385"]
[BlackFideId "4675789"]
[EventDate "2017.12.26"]

1. c4 b6 2. d4 e6 3. e4 Bb4+ 4. Bd2 Bxd2+ 5. Qxd2 d5 6. cxd5 exd5 7. e5 Ne7 8.
Nc3 O-O 9. Nf3 c5 10. Be2 Nbc6 11. dxc5 bxc5 12. Rd1 d4 13. Na4 Qd5 14. O-O Rd8
15. Qc1 Qxa2 16. Nxc5 Rb8 17. Bc4 Qxb2 18. Qf4 Nd5 19. Bxd5 Rxd5 20. Ng5 Nd8 21.
Nd3 Qb7 22. Qe4 h6 23. Qh7+ Kf8 24. Ne4 Ne6 25. f4 Ra5 26. Nd6 Qa6 27. Qh8+ Ke7
28. Qe8# 1-0

[Event "World Rapid 2017"]
[Site "Riyadh KSA"]
[Date "2017.12.27"]
[Round "6.35"]
[White "Ganguly, Surya Shekhar"]
[Black "Melkumyan, Hrant"]
[Result "1/2-1/2"]
[WhiteTitle "GM"]
[BlackTitle "GM"]
[WhiteElo "2650"]
[BlackElo "2633"]
[WhiteFideId "5002150"]
[BlackFideId "13302485"]
[EventDate "2017.12.26"]

1. c4 Nf6 2. Nc3 g6 3. e4 d6 4. d4 Bg7 5. Be2 O-O 6. Be3 e5 7. d5 Nbd7 8. g4 Nc5
9. f3 Ne8 10. h4 f5 11. g5 fxe4 12. fxe4 Rf4 13. Bxf4 exf4 14. Qd2 a6 15. Nf3 b5
16. Qxf4 b4 17. Nd1 Qe7 18. Nd2 Be5 19. Qf2 Ng7 20. O-O Bh3 21. Re1 Rf8 22. Qe3
Bd7 23. Rf1 Re8 24. a3 b3 25. Kh1 a5 26. Nxb3 Nxb3 27. Qxb3 h6 28. Qe3 Kh7 29.
Nf2 Rh8 30. Ng4 Bxg4 31. Bxg4 Kg8 32. Kg2 h5 33. Bh3 Kh7 34. Rf2 Rb8 35. Rb1 a4
36. b4 axb3 37. Rxb3 Bd4 38. Qxd4 Rxb3 39. Rf3 Rxf3 40. Kxf3 Qe8 41. c5 Qb5 42.
cxd6 cxd6 43. a4 Qb3+ 44. Kg2 Qc2+ 45. Kg3 Qb3+ 46. Kh2 Qf3 47. e5 dxe5 48. Bg2
Qa3 49. Qc4 Nf5 50. Qc7+ Kg8 51. Qd8+ Kh7 52. Qd7+ Kh8 53. Qe8+ Kh7 54. Qd7+ Kh8
55. Qe8+ Kh7 56. Qf7+ Kh8 57. Qf6+ Kh7 58. Qxe5 Qxa4 59. Be4 Qa2+ 60. Kg1 Qa7+
61. Kf1 Qa6+ 62. Ke1 Qa5+ 63. Kd1 Qa4+ 64. Bc2 Qg4+ 65. Kc1 Qg1+ 66. Kb2 Qb6+
67. Bb3 Nd6 68. Qe7+ Kg8 69. Qe6+ Kh7 70. Qd7+ Kg8 71. Qc6 Qb4 72. Qc3 Qxh4 73.
Qf6 Qh2+ 74. Bc2 Qe5+ 75. Qxe5 Nc4+ 76. Kc3 Nxe5 77. Kd4 Nf3+ 78. Kc5 Nxg5 79.
d6 Kf8 80. Bxg6 h4 81. Kb6 h3 82. Be4 h2 83. Bd5 Nf7 84. d7 Ke7 85. Kc7 Nd8 86.
Kc8 Nf7 87. Bg2 Nd6+ 88. Kc7 Nb5+ 89. Kb6 Kxd7 1/2-1/2

[Event "World Rapid 2017"]
[Site "Riyadh KSA"]
[Date "2017.12.27"]
[Round "6.36"]
[White "Nguyen, Ngoc Truong Son"]
[Black "Naiditsch, Arkadij"]
[Result "1/2-1/2"]
[WhiteTitle "GM"]
[BlackTitle "GM"]
[WhiteElo "2630"]
[BlackElo "2705"]
[WhiteFideId "12401110"]
[BlackFideId "4650891"]
[EventDate "2017.12.26"]

1. d4 Nf6 2. Nf3 d5 3. Bf4 c5 4. e3 Nc6 5. Nbd2 cxd4 6. exd4 Bf5 7. c3 e6 8. Be2
Bd6 9. Bxd6 Qxd6 10. Nh4 Be4 11. O-O g5 12. Nhf3 Bxf3 13. Nxf3 g4 14. Ne5 Nxe5
15. dxe5 Qxe5 16. Qa4+ Kd8 17. Bxg4 Qe4 18. Qxe4 Nxe4 19. Rad1 Ke7 20. Rfe1 Rhd8
21. Bf3 f5 22. Kf1 Kf6 23. h4 Nd6 24. g4 fxg4 25. Bxg4 Ne4 26. f3 Ng3+ 27. Kf2
Nf5 28. Rd2 e5 29. Bxf5 Kxf5 30. Rg1 d4 31. Re2 Kf6 32. Rg5 dxc3 33. bxc3 Re8
34. Rh5 Re7 35. f4 e4 36. Rh6+ Kf5 37. Ke3 Rc8 38. Rh5+ Kg6 39. Rg5+ Kf6 40. Kd4
Rec7 41. Kxe4 Rxc3 42. Rf5+ Ke6 43. Re5+ Kf6 44. Rf5+ Ke6 45. Re5+ Kf6 46. Rd5 1/2-1/2

[Event "World Rapid 2017"]
[Site "Riyadh KSA"]
[Date "2017.12.27"]
[Round "6.37"]
[White "Kasimdzhanov, Rustam"]
[Black "Sethuraman, S.P."]
[Result "1-0"]
[WhiteTitle "GM"]
[BlackTitle "GM"]
[WhiteElo "2683"]
[BlackElo "2646"]
[WhiteFideId "14200244"]
[BlackFideId "5021596"]
[EventDate "2017.12.26"]

1. e4 c5 2. Nf3 e6 3. b3 a6 4. Bb2 Nc6 5. c4 Nf6 6. Nc3 Qc7 7. g3 Rb8 8. Bg2 Be7
9. d4 cxd4 10. Nxd4 d6 11. O-O O-O 12. Rc1 Nxd4 13. Qxd4 b6 14. Rfd1 Bb7 15. h3
Rfd8 16. Qe3 Ba8 17. Ne2 Nd7 18. Rd2 Bf8 19. Nd4 Re8 20. Rcd1 b5 21. Rc2 Qb6 22.
cxb5 axb5 23. Qe2 b4 24. Rcd2 Nc5 25. Nc2 Qa5 26. Ra1 d5 27. exd5 exd5 28. Qh5
Qa7 29. Bd4 Qc7 30. Ne3 Ne4 31. Rc2 Qd7 32. Rac1 Qe6 33. Rc7 Nc3 34. Bxc3 bxc3
35. Bxd5 Bxd5 36. Qxd5 Qxh3 37. Qxf7+ Kh8 38. R7xc3 Rbd8 39. Rd3 Re7 40. Qc4
Rde8 41. Qg4 Qh6 42. Rc8 Qa6 43. Rdd8 Qb5 44. Qf5 Qxf5 45. Nxf5 Re1+ 46. Kg2
Rxd8 47. Rxd8 Kg8 48. a4 Kf7 49. Rb8 g6 50. Rb7+ Kf6 51. Ne3 h5 52. b4 Rb1 53.
a5 Ra1 54. Rb8 Bd6 55. Rb6 Ke7 56. Nc4 Bc7 57. Rxg6 Rc1 58. Ne3 Be5 59. Rg5 Bf6
60. Nd5+ 1-0

[Event "World Rapid 2017"]
[Site "Riyadh KSA"]
[Date "2017.12.27"]
[Round "6.38"]
[White "Andriasian, Zaven"]
[Black "Bocharov, Dmitry"]
[Result "1/2-1/2"]
[WhiteTitle "GM"]
[BlackTitle "GM"]
[WhiteElo "2585"]
[BlackElo "2583"]
[WhiteFideId "13302000"]
[BlackFideId "4138716"]
[EventDate "2017.12.26"]

1. e4 c6 2. d3 d5 3. Nd2 e5 4. Ngf3 Bd6 5. g3 Nf6 6. Bg2 O-O 7. O-O Nbd7 8. Re1
Re8 9. b3 a5 10. a4 b6 11. Bb2 Bb7 12. Nh4 Bb4 13. Qe2 dxe4 14. dxe4 Ba6 15. Qd1
Qc7 16. c3 Bf8 17. Qc2 Rad8 18. Bf1 Bxf1 19. Nxf1 Nc5 20. Ba3 b5 21. Re2 Qb6 22.
Nf3 h6 23. Kg2 bxa4 24. Bxc5 Bxc5 25. Rxa4 Qb5 26. h3 Bb6 27. b4 axb4 28. Rxb4
Qa6 29. Qa2 Ra8 30. Qxa6 Rxa6 31. Reb2 Bc7 32. N1d2 Nd7 33. Kf1 f6 34. Ke2 Kf7
35. Ne1 Ke7 36. Nd3 Ra7 37. Rc4 Kd6 38. Rcb4 Ke7 39. Rb7 Rea8 40. Rxa7 Rxa7 41.
Nb4 Nb8 42. Nc4 Bd6 43. Nd3 Nd7 44. Nb6 Nxb6 45. Rxb6 Kd7 46. h4 h5 47. Rb3 Ra2+
48. Rb2 Ra7 49. Rb3 Kc7 1/2-1/2

[Event "World Rapid 2017"]
[Site "Riyadh KSA"]
[Date "2017.12.27"]
[Round "6.39"]
[White "Amin, Bassem"]
[Black "Dzhumagaliev, Yan"]
[Result "1-0"]
[WhiteTitle "GM"]
[BlackTitle "FM"]
[WhiteElo "2689"]
[BlackElo "2400"]
[WhiteFideId "10601457"]
[BlackFideId "24100110"]
[EventDate "2017.12.26"]

1. e4 c5 2. d3 Nc6 3. g3 g6 4. Bg2 Bg7 5. Nf3 d6 6. O-O Nf6 7. c3 O-O 8. Re1 e5
9. a3 h6 10. b4 a6 11. h3 Be6 12. Be3 Nd7 13. d4 cxd4 14. cxd4 d5 15. Nc3 dxe4
16. Nxe4 Bd5 17. Nxe5 Ndxe5 18. dxe5 Nxe5 19. Bxh6 Bxe4 20. Bxg7 Bxg2 21. Kxg2
Nd3 22. Bxf8 Nxe1+ 23. Qxe1 Qd5+ 24. Kh2 Rxf8 25. Rc1 Rd8 26. Qe3 Qd2 27. Rc3
Qxe3 28. Rxe3 a5 29. Re5 a4 30. Kg2 Rd3 31. Re3 Rb3 32. Kf3 Rb2 33. Rd3 Kg7 34.
Ke3 Kf6 35. h4 Ke6 36. f3 Rg2 37. Kf4 Rb2 38. g4 Rb3 39. Re3+ Kf6 40. Ke4 Rb1
41. Kd4 Rc1 42. Rc3 Rb1 43. Kd5 Rb3 44. Kc4 Rb1 45. g5+ Ke6 46. f4 Rb2 47. Re3+
Kd6 48. Rf3 Ke6 49. f5+ gxf5 50. h5 Rh2 51. Re3+ Kd6 52. h6 Rh5 53. Rg3 f4 54.
Rd3+ Ke6 55. Rd8 Kf5 56. Rg8 f6 57. gxf6 Kxf6 58. Rh8 Kg6 59. Rf8 Rh3 60. Rxf4
Rxa3 61. Rh4 Kh7 62. Kb5 Ra1 63. Rh3 a3 64. Ka4 a2 65. Rh2 Rg1 66. Rxa2 Kxh6 67.
Kb5 Rg6 68. Ra7 Rg5+ 69. Kb6 Kg6 70. Rxb7 Kf6 71. Rd7 Ke6 72. Rd2 Rg8 73. b5
Rb8+ 74. Kc6 Rc8+ 75. Kb7 Rc1 76. b6 Rc4 77. Kb8 Rb4 78. b7 1-0

[Event "World Rapid 2017"]
[Site "Riyadh KSA"]
[Date "2017.12.27"]
[Round "6.40"]
[White "Zhao, Jun"]
[Black "Kokarev, Dmitry"]
[Result "1/2-1/2"]
[WhiteTitle "GM"]
[BlackTitle "GM"]
[WhiteElo "2604"]
[BlackElo "2615"]
[WhiteFideId "8602522"]
[BlackFideId "4132181"]
[EventDate "2017.12.26"]

1. e4 c5 2. Nf3 d6 3. d4 cxd4 4. Nxd4 Nf6 5. Nc3 a6 6. Be3 e5 7. Nf3 Be7 8. Bc4
O-O 9. O-O Nc6 10. Bg5 Be6 11. Bb3 Nd7 12. Bxe7 Qxe7 13. Nd5 Qd8 14. c3 Rc8 15.
Ne3 Nf6 16. Qd3 Qd7 17. Rfd1 Rfd8 18. Ng5 Bxb3 19. axb3 h6 20. Nf3 Qe6 21. Nd5
Ne7 22. Nxe7+ Qxe7 23. c4 Qc7 24. Nd2 Qc6 25. h3 b5 26. Ra2 Nd7 27. Rda1 Nc5 28.
Qe3 bxc4 29. bxc4 Rb8 30. Qc3 Qb6 31. Re1 Qb4 32. Qc2 a5 33. Re3 Rdc8 34. Qd1 a4
35. Rg3 Ne6 36. Rga3 Nc5 37. Rg3 Rc6 38. h4 Ra6 39. h5 Qb7 40. Qg4 Ne6 41. Rga3
Qc8 42. Qd1 Rab6 43. Rxa4 Rxb2 44. Rxb2 Rxb2 45. Nf1 Qc6 46. Qa1 Qb6 47. Qe1 Rb1
48. Qe2 Nd4 49. Ra8+ Kh7 50. Qd3 Rb3 51. Qd1 Qc6 52. Ra7 Qxe4 53. Ng3 Qb1 54.
Qxb1+ Rxb1+ 55. Kh2 f6 56. Ne4 Kg8 57. Nxd6 Kf8 58. c5 Rc1 59. Rf7+ Kg8 60. Rc7
Kf8 61. Rc8+ Ke7 62. Re8+ Kd7 63. Rg8 Ne6 64. Nf5 Rxc5 65. Nxg7 e4 66. Nxe6
Rxh5+ 67. Kg3 Kxe6 68. Kf4 Rh4+ 69. Ke3 Kf5 70. Ra8 h5 71. Ra5+ Kg6 72. g3 Rg4
73. Ra4 h4 74. gxh4 f5 75. Ra6+ Kf7 76. Ra7+ Kf6 77. Ra6+ Kf7 78. h5 Rh4 79. h6
Kg8 80. Rf6 Rh3+ 81. Ke2 Rf3 82. Ke1 Kh7 83. Ke2 Kg8 84. Ke1 Kh8 85. Ke2 Kh7 86.
Ke1 e3 87. fxe3 Rxe3+ 88. Kf2 Rh3 89. Rxf5 Rxh6 1/2-1/2

[Event "World Rapid 2017"]
[Site "Riyadh KSA"]
[Date "2017.12.27"]
[Round "6.41"]
[White "Saric, Ivan"]
[Black "Volokitin, Andrei"]
[Result "1-0"]
[WhiteTitle "GM"]
[BlackTitle "GM"]
[WhiteElo "2669"]
[BlackElo "2628"]
[WhiteFideId "14508150"]
[BlackFideId "14107090"]
[EventDate "2017.12.26"]

1. e4 e5 2. Nf3 Nf6 3. Nxe5 d6 4. Nf3 Nxe4 5. Nc3 Nxc3 6. dxc3 Be7 7. Be3 O-O 8.
Qd2 Nd7 9. O-O-O c6 10. Bd3 d5 11. h4 Nc5 12. Bg5 h6 13. Bxe7 Qxe7 14. Rde1 Qf6
15. Ne5 Re8 16. f4 h5 17. Be2 Ne4 18. Qe3 Qh6 19. Bd3 Bf5 20. Rhg1 f6 21. g4
fxe5 22. gxf5 exf4 23. Qf3 Ng3 24. Kb1 Qd6 25. a3 Re5 26. Ka2 Rae8 27. Qxf4 Rxe1
28. Qxd6 Rxg1 29. Qg6 Ree1 30. f6 Nh1 31. Qh7+ Kf7 32. fxg7 Rxg7 33. Qxh5+ Ke7
34. Bg6 Rg1 35. Qe5+ 1-0

[Event "World Rapid 2017"]
[Site "Riyadh KSA"]
[Date "2017.12.27"]
[Round "6.42"]
[White "Inarkiev, Ernesto"]
[Black "Minko, Vladimir"]
[Result "1-0"]
[WhiteTitle "GM"]
[BlackTitle "IM"]
[WhiteElo "2689"]
[BlackElo "2381"]
[WhiteFideId "4162722"]
[BlackFideId "24146706"]
[EventDate "2017.12.26"]

1. e4 c5 2. Nf3 Nc6 3. Bb5 e6 4. Bxc6 bxc6 5. Qe2 Ne7 6. d3 f6 7. Nh4 g6 8. f4
Bg7 9. O-O O-O 10. c4 d6 11. Nc3 Rb8 12. Kh1 h6 13. g4 g5 14. Ng2 e5 15. f5 Kf7
16. h4 Rh8 17. Kg1 Bd7 18. Be3 Qb6 19. b3 Qc7 20. Kf2 Qa5 21. Bd2 Qc7 22. Rh1
Rbg8 23. Rh3 Ke8 24. Rah1 Kd8 25. Qd1 Kc8 26. R1h2 Qd8 27. Ne2 Be8 28. Ng3 Bf7
29. Ne1 Kb8 30. Be3 Ka8 31. Rh1 Nc8 32. Qd2 Qe7 33. Nf3 Qd8 34. R3h2 Nb6 35. Ke1
Nd7 36. Kd1 Be8 37. Kc1 Nb6 38. Kb1 Nd7 39. Ka1 Qe7 40. Qa5 Bf7 41. b4 Rb8 42.
Rb2 Qd8 43. Qa4 Qc7 44. Rhb1 cxb4 45. Rxb4 Rxb4 46. Rxb4 c5 47. Rb1 Nb8 48. Ne2
Be8 49. Qb3 Bc6 50. Nc3 Nd7 51. Nd5 Bxd5 52. cxd5 Rb8 53. Qa4 Rxb1+ 54. Kxb1 Kb8
55. Kc2 Kc8 56. Qa6+ Kd8 57. Bd2 Ke7 58. Ba5 Qb8 59. h5 Nb6 60. Nd2 Bf8 61. Nc4
Nxc4 62. dxc4 Kf7 63. Qc6 Be7 64. a3 Kf8 65. Bc7 Qc8 66. Kb3 Kf7 67. Ka4 Kf8 68.
Kb5 a6+ 69. Kb6 Kf7 70. Bxd6 Bd8+ 71. Kxc5 1-0

[Event "World Rapid 2017"]
[Site "Riyadh KSA"]
[Date "2017.12.27"]
[Round "6.44"]
[White "Tregubov, Pavel V."]
[Black "Anton Guijarro, David"]
[Result "1/2-1/2"]
[WhiteTitle "GM"]
[BlackTitle "GM"]
[WhiteElo "2575"]
[BlackElo "2666"]
[WhiteFideId "4115341"]
[BlackFideId "2285525"]
[EventDate "2017.12.26"]

1. d4 Nf6 2. c4 e6 3. Nc3 Bb4 4. e3 O-O 5. Bd3 d5 6. a3 Bxc3+ 7. bxc3 dxc4 8.
Bxc4 c5 9. Ne2 Qc7 10. Ba2 b6 11. O-O Ba6 12. Re1 Nc6 13. Ng3 Rfd8 14. Bb2 Na5
15. e4 e5 16. d5 Bc4 17. Bc1 Ne8 18. Nf5 f6 19. a4 a6 20. Bxc4 Nxc4 21. Qb3 Ned6
22. Nxd6 Nxd6 23. f3 Rab8 24. Be3 Rdc8 25. c4 Qd7 26. Qc2 h5 27. h3 Qf7 28. Bf2
Kh8 29. Rab1 Rb7 30. Rb2 a5 31. Re3 Rcb8 32. Reb3 Qd7 33. Rc3 Qe8 34. Rb1 Qg6
35. Rcb3 Kh7 36. Kh1 Kh8 37. R3b2 Kh7 38. Bg1 Kh8 39. Bh2 Qh6 40. Qd3 g5 41. Rb3
Qg6 42. g4 h4 1/2-1/2

[Event "World Rapid 2017"]
[Site "Riyadh KSA"]
[Date "2017.12.27"]
[Round "6.45"]
[White "Khenkin, Igor"]
[Black "Sjugirov, Sanan"]
[Result "0-1"]
[WhiteTitle "GM"]
[BlackTitle "GM"]
[WhiteElo "2554"]
[BlackElo "2650"]
[WhiteFideId "4659600"]
[BlackFideId "4189302"]
[EventDate "2017.12.26"]

1. d4 Nf6 2. c4 g6 3. Nc3 d5 4. cxd5 Nxd5 5. e4 Nxc3 6. bxc3 Bg7 7. Nf3 c5 8.
Bb5+ Nd7 9. O-O O-O 10. Re1 a6 11. Bd3 cxd4 12. cxd4 Nc5 13. Ba3 Nxd3 14. Qxd3
Bg4 15. Rad1 Rc8 16. h3 Bxf3 17. gxf3 Re8 18. Qb3 Bxd4 19. e5 Qa5 20. Re4 Rc3
21. Bb4 Bxf2+ 22. Kg2 Rxb3 23. Bxa5 Rb2 24. Rd2 Rxd2 25. Bxd2 Bc5 26. Rc4 Rd8
27. Bc3 Rd5 28. f4 b5 0-1

[Event "World Rapid 2017"]
[Site "Riyadh KSA"]
[Date "2017.12.27"]
[Round "6.46"]
[White "Christiansen, Johan-Sebastian"]
[Black "Short, Nigel D"]
[Result "0-1"]
[WhiteTitle "IM"]
[BlackTitle "GM"]
[WhiteElo "2495"]
[BlackElo "2678"]
[WhiteFideId "1512668"]
[BlackFideId "400025"]
[EventDate "2017.12.26"]

1. e4 e6 2. d4 d5 3. Nc3 Be7 4. e5 c5 5. Qg4 g5 6. dxc5 h5 7. Qg3 Nc6 8. Bb5 Nh6
9. Nge2 Nf5 10. Qd3 Bxc5 11. Ng3 a6 12. Bxc6+ bxc6 13. Nxf5 exf5 14. h4 gxh4 15.
Be3 Bxe3 16. fxe3 Rg8 17. O-O-O Rxg2 18. Kb1 a5 19. Qd4 Rg4 20. Qc5 Bd7 21. Qd6
Qe7 22. Qh6 Qxe5 23. Qxh5 Rb8 24. Rd4 Rxd4 25. exd4 Qxd4 26. Rxh4 Qg1+ 27. Nd1
Be6 28. Rh1 Qb6 29. b3 a4 30. Nb2 axb3 31. axb3 Kd7 32. Nd3 Ra8 33. Rh4 Qa7 34.
Kc1 Qg1+ 35. Kd2 Rg8 36. Ra4 d4 37. Ne5+ Kd6 38. Nf3 Qe3+ 39. Kd1 Bd5 40. Rxd4
Rg1+ 0-1

[Event "World Rapid 2017"]
[Site "Riyadh KSA"]
[Date "2017.12.27"]
[Round "6.47"]
[White "Artemiev, Vladislav"]
[Black "Jumabayev, Rinat"]
[Result "1-0"]
[WhiteTitle "GM"]
[BlackTitle "GM"]
[WhiteElo "2691"]
[BlackElo "2612"]
[WhiteFideId "24101605"]
[BlackFideId "13702661"]
[EventDate "2017.12.26"]

1. e4 c5 2. Nf3 d6 3. Bc4 e6 4. O-O Nf6 5. d3 Be7 6. Nbd2 a6 7. Re1 O-O 8. c3 b5
9. Bb3 Bb7 10. Bc2 Nc6 11. Nf1 Rc8 12. Ng3 Ne5 13. Ng5 h6 14. Nh3 Qc7 15. f4
Ned7 16. Qe2 Rfe8 17. Bd2 Bf8 18. a4 e5 19. axb5 axb5 20. Rf1 c4 21. fxe5 cxd3
22. Bxd3 Rxe5 23. Be3 Nxe4 24. Nxe4 Bxe4 25. Bd4 Bc6 26. Bxe5 dxe5 27. Kh1 Qb7
28. Rae1 Nc5 29. Bf5 Re8 30. Qg4 Kh8 31. Bc2 e4 32. Qf5 Kg8 33. Nf4 Bd6 34. b4
Re5 35. Qh3 Nd7 36. Rd1 Qc7 37. Ne2 Nb6 38. Bb3 Nc4 39. Bxc4 bxc4 40. Qe3 Be7
41. Ra1 Qd6 42. Nd4 Bd7 43. Ra8+ Kh7 44. Rxf7 Qd5 45. Ra5 Qxf7 46. Rxe5 1-0